000 00638nam a2200217Ia 4500
005 20241129104205.0
008 241129s9999||||xx |||||||||||||| ||und||
020 _a9780226767062
037 _aTextual
040 _aRTL
_beng
_cRTL
041 _aeng
_2eng
084 _aQ3 R1
_qRTL
100 _aGough Ellen
_9725172
245 0 _aMaking a mantra: Tantric ritual and renunciation on the jain path to liberation
_cGough Ellen
260 _aLondon
_bUnivesity of Chicago Press
_c2021
300 _axv,325p.
365 _aINR
_b2482.5
650 _aReligious Studies
942 _cTB
_hQ3 R1
999 _c1224811
_d1224811